00421nam a22001457a 450000500170000000800410001702000130005804100130007108200130008410000130009724500350011026000730014530000310021865000260024920240903071508.0240903b |||||||| |||| 00| 0 eng d a10246991 aEnglish  a349 NAM  lEnglish  aThe Namibian Law Reports 1997  aWindhoek: bLegal Assistance Centre and Juta and Company Ltd, c1997 bxxiv, 298 pages; c26 cm.  aLegal practice bLaw